| 000 | 00737nam a22002177a 4500 | ||
|---|---|---|---|
| 999 |
_c1741 _d1741 |
||
| 003 | AR-CdUCM | ||
| 008 | 190227b ||||| |||| 00| 0 spa d | ||
| 020 | _a9789972806896 | ||
| 040 |
_aMUNICIPALIDAD PROVINCIAL DEL CUSCO _cBIBLIOTECA MUNICIPAL DEL CUSCO |
||
| 082 |
_a614 / _bA77 |
||
| 100 |
_aLaguna Arroyo, Juan _96403 |
||
| 245 |
_aPensadores de la Salud Publica Contemporanea / _cLaguna Arroyo, Juan |
||
| 260 |
_aLima - Peru : _bUniversidad Peruana Cayetano Heredia , _c2012. |
||
| 300 |
_a214 paginas : _c24.5 cm. |
||
| 650 |
_aSalud Publica. _96404 |
||
| 650 |
_aSalud Contemporanea. _96405 |
||
| 650 |
_aSalud Publica Peruana. _96406 |
||
| 700 |
_aLaguna Arroyo, Juan _96403 |
||
| 942 |
_2ddc _cLIBROS |
||
| 945 |
_artm _d2019-02-27 |
||